115_ Personnalités nées un 25 avril par images - Statistiques

Statistiques générales
  • Ce quiz a été pris 37 fois
  • Le résultat moyen est 4 sur 9
Statistiques - réponses
Par images Hint Réponse % Correct
Footballeur Raphaël Varane
95%
Animatrice Karine Ferri
78%
Footballeur Johan Cruyff
68%
Politicien Dominique Strauss-Kahn
59%
Roi Louis IX
49%
Dessinateur Albert Uderzo
41%
Acteur Al Pacino
35%
Chanteur Sam Sauvage
19%
Militaire Oliver Cromwell
3%
Aucun quiz correspondant
Distribution des résultats
% des personnes avec chaque résultat
Percentile par nombre de réponses
Votre historique - résultats
Vous n’avez pas pris ce quiz